打造你要的人生 : (Record no. 7701)

MARC details
000 -LEADER
fixed length control field 01410cam a2200373 i 4500
001 - CONTROL NUMBER
control field 005517078
003 - CONTROL NUMBER IDENTIFIER
control field YEEZEN
005 - DATE AND TIME OF LATEST TRANSACTION
control field 20260311140308.0
008 - FIXED-LENGTH DATA ELEMENTS--GENERAL INFORMATION
fixed length control field 240222s2024 ch g 000 0 chi d
020 ## - INTERNATIONAL STANDARD BOOK NUMBER
International Standard Book Number 9786267366530
Qualifying information (平裝) :
Terms of availability 新臺幣420元
040 ## - CATALOGING SOURCE
Original cataloging agency NPUST
Language of cataloging chi
Transcribing agency NPUST
Description conventions CCR
041 1# - LANGUAGE CODE
Language code of text/sound track or separate title chi
Language code of original eng
042 ## - AUTHENTICATION CODE
Authentication code nbic
044 ## - COUNTRY OF PUBLISHING/PRODUCING ENTITY CODE
MARC country code ch
084 ## - OTHER CLASSIFICATION NUMBER
Classification number 177.2
Number source ncsclt
090 ## - LOCALLY ASSIGNED LC-TYPE CALL NUMBER (OCLC); LOCAL CALL NUMBER (RLIN)
Classification number (OCLC) (R) ; Classification number, CALL (RLIN) (NR) 177.2
Local cutter number (OCLC) ; Book number/undivided call number, CALL (RLIN) 4244-1
100 1# - MAIN ENTRY--PERSONAL NAME
Personal name 布魯克斯
Titles and words associated with a name (Brooks, Arthur C.)
Relator term
245 10 - TITLE STATEMENT
Title 打造你要的人生 :
Remainder of title 歐普拉與哈佛教授談「更幸福」的藝術與科學 /
Statement of responsibility, etc. 亞瑟.布魯克斯(Arthur C. Brooks), 歐普拉.溫弗蕾(Oprah Winfery)著 ; 鍾玉玨譯
246 33 - VARYING FORM OF TITLE
Title proper/short title 歐普拉與哈佛教授談更幸福的藝術與科學
246 30 - VARYING FORM OF TITLE
Title proper/short title 歐普拉與哈佛教授談「更幸福」的藝術與科學
260 ## - PUBLICATION, DISTRIBUTION, ETC.
Place of publication, distribution, etc. 臺北市 :
Name of publisher, distributor, etc. 城邦文化商業周刊出版 :
-- 聯合發行總經銷,
Date of publication, distribution, etc. 2024.01
300 ## - PHYSICAL DESCRIPTION
Extent 270面 ;
Dimensions 21公分
490 1# - SERIES STATEMENT
Series statement 紅沙龍 ;
Volume/sequential designation 65.
500 ## - GENERAL NOTE
General note 譯自 :Build the life you want : the art and science of getting happier.
650 #7 - SUBJECT ADDED ENTRY--TOPICAL TERM
Topical term or geographic name entry element 自我實現
Source of heading or term lcstt.
650 #7 - SUBJECT ADDED ENTRY--TOPICAL TERM
Topical term or geographic name entry element 成功法
Source of heading or term lcstt.
700 1# - ADDED ENTRY--PERSONAL NAME
Personal name 溫弗蕾
Titles and other words associated with a name (Winfery, Oprah)
Relator term
700 1# - ADDED ENTRY--PERSONAL NAME
Personal name 鍾玉玨
Relator term
700 1# - ADDED ENTRY--PERSONAL NAME
Personal name Brooks, Arthur C.
700 1# - ADDED ENTRY--PERSONAL NAME
Personal name Winfery, Oprah.
740 01 - ADDED ENTRY--UNCONTROLLED RELATED/ANALYTICAL TITLE
Uncontrolled related/analytical title Build the life you want : the art and science of getting happier.
830 #0 - SERIES ADDED ENTRY--UNIFORM TITLE
Uniform title 紅沙龍 ;
Volume/sequential designation 65.
942 ## - ADDED ENTRY ELEMENTS (KOHA)
Source of classification or shelving scheme 中文圖書分類法
Koha item type 一般圖書
Holdings
撤銷狀態 遺失狀態 分類號來源 損壞狀態 不外借 永久館藏地 現在館藏地 書架位置 採購日期 全部借出 全部續借 完整索書號 條碼號 還書日 最後一次日期記錄 Date last checked out 一般價格有效日期 Koha館藏類型 公開資訊
未註銷館藏 未遺失 中文圖書分類法 未損毀 可外借 怡仁綜合醫院圖書館 怡仁綜合醫院圖書館   2026-03-11 2 1 177.2 C03284 2026-04-24 2026-04-10 2026-04-10 2026-03-11 一般圖書 |本書特色| 1.歐普拉和哈佛教授的幸福刻意練習 對於外在環境的不順遂、生活的失意,你可以落入不幸的既定軌道,指望外在的改變或拯救,歐普拉和布魯克斯教授基於採訪/自身經歷與科學研究,坦誠道出:與其寄望他人給幸福,不如專注於你可以控制的人——自己。你的幸福可以自己「刻意練習」——認真練習與實踐感恩、選擇笑、選擇希望、理性關懷,從而活出自己想要的人生。 2. 一本書,陪每個讀者走一場打造人生幸福的旅程 歐普拉和布魯克斯以貼近每個人生活情境的案例,指引打造幸福的清晰路徑,充滿務實可行的建議。讀者可以自行練習,隨著時間的累積,將走出愈來愈幸福的人生旅程。 3. 只要掌握四大關鍵,幸福就來敲門 獲得美好人生的關鍵只有四個:(不盡完美的)家庭、(深刻真實的)友誼、(讓愛變具體的)工作和(屬於你的)信仰,將更多時間、注意力和精力投資,平衡的在這四大支柱之上,你會打造出能禁得起風雨挑戰的幸福基礎。 4. 一份給你我、給每個想要幸福讀者的禮物 這是喜愛歐普拉、喜愛身心靈成長讀者又一必須蒐藏之作,也是新年度最佳贈禮。
怡仁醫院| 地址:32643桃園市楊梅區楊新北路321巷30號 | 服務專線:03-4855566 | 電子郵件信箱:
Copyright © 1996 CHC Hospital